| 000 | 00379nam a22001571a 4500 | ||
|---|---|---|---|
| 020 | _a9788170557081 | ||
| 082 |
_aH 792.807 _bVAS/B |
||
| 100 | _aVashishta Narayan Tripathi | ||
| 245 |
_aBharatiya loknatya/ _cby Vashishta Narayan Tripathi |
||
| 260 |
_aNew Delhi: _bVani, _c2001. |
||
| 300 | _a137p. | ||
| 650 | _aDance India | ||
| 650 | _aDance | ||
| 650 | _aArts | ||
| 942 | _cBK | ||
| 999 |
_c5060 _d5060 |
||